| Tag |
First Indicator |
Second Indicator |
Subfields |
| LEADER |
00000pam a2200000 i 4500 |
| 001 |
in00000068684 |
| 005 |
20151008050252.0 |
| 008 |
790803r19791974nyua 00110 eng |
| 010 |
|
|
|a 79019330
|
| 020 |
|
|
|a 0824768507
|
| 035 |
|
|
|a (OCoLC)05310734
|
| 035 |
|
|
|9 AAG0225AM
|
| 040 |
|
|
|a DLC
|c DLC
|d TXA
|d UtOrBLW
|
| 049 |
|
|
|a TXAM
|c [1191678]
|
| 050 |
0 |
0 |
|a NX760
|b .R45 1979
|
| 082 |
0 |
|
|a 658/.91/7
|
| 100 |
1 |
|
|a Reiss, Alvin H.
|
| 245 |
1 |
4 |
|a The Arts management reader /
|c written and edited by Alvin H. Reiss ; foreword by Kitty Carlisle Hart.
|
| 264 |
|
1 |
|a New York :
|b Audience Arts,
|c [1979]
|
| 264 |
|
4 |
|c ©1979
|
| 300 |
|
|
|a xiv, 686 pages :
|b illustrations ;
|c 24 cm.
|
| 336 |
|
|
|a text
|b txt
|2 rdacontent
|
| 337 |
|
|
|a unmediated
|b n
|2 rdamedia
|
| 338 |
|
|
|a volume
|b nc
|2 rdacarrier
|
| 500 |
|
|
|a Published in 1974 under title: The arts management handbook.
|
| 500 |
|
|
|a Includes index.
|
| 650 |
|
0 |
|a Arts
|x Management.
|
| 730 |
0 |
|
|a Arts management.
|
| 999 |
|
|
|a MARS
|
| 999 |
f |
f |
|s 94d03139-2c11-3ece-b6c2-0eb1eeb73141
|i bbcdea08-f1cc-3340-9c86-14fc7ad5e510
|t 0
|
| 952 |
f |
f |
|p ric
|a Texas A&M University
|b Rellis Campus
|c Joint Library Facility
|d Remote Storage
|t 0
|e NX760 .R45 1979
|h Library of Congress classification
|i unmediated -- volume
|m A14803515336
|
| 998 |
f |
f |
|a NX760 .R45 1979
|t 0
|l Remote Storage
|